<?xml version="1.0" encoding="UTF-8"?>
<record
    xmlns:xsi="http://www.w3.org/2001/XMLSchema-instance"
    xsi:schemaLocation="http://www.loc.gov/MARC21/slim http://www.loc.gov/standards/marcxml/schema/MARC21slim.xsd"
    xmlns="http://www.loc.gov/MARC21/slim">

  <leader>01909nam a22002777a 4500</leader>
  <controlfield tag="005">20231102151520.0</controlfield>
  <controlfield tag="008">121101s2002    sp     f      000 0 spa d</controlfield>
  <datafield tag="020" ind1=" " ind2=" ">
    <subfield code="a">8448132181</subfield>
  </datafield>
  <datafield tag="050" ind1=" " ind2=" ">
    <subfield code="a">HB172.5 D6718 2002</subfield>
  </datafield>
  <datafield tag="100" ind1="1" ind2="0">
    <subfield code="a">DORNBUSCH, Rudiger</subfield>
    <subfield code="e">Autor</subfield>
    <subfield code="9">39052</subfield>
  </datafield>
  <datafield tag="240" ind1=" " ind2=" ">
    <subfield code="a">Macroeconomics</subfield>
    <subfield code="l">Espa&#xF1;ol</subfield>
  </datafield>
  <datafield tag="245" ind1="1" ind2="0">
    <subfield code="a">Macroeconom&#xED;a</subfield>
    <subfield code="c">/ Rudiger Dornbusch</subfield>
  </datafield>
  <datafield tag="250" ind1=" " ind2=" ">
    <subfield code="a">8a ed.</subfield>
  </datafield>
  <datafield tag="260" ind1=" " ind2=" ">
    <subfield code="a">Espa&#xF1;a :</subfield>
    <subfield code="b">McGraw-Hill, </subfield>
    <subfield code="c">c2002</subfield>
  </datafield>
  <datafield tag="300" ind1=" " ind2=" ">
    <subfield code="a">592 p&#xE1;ginas</subfield>
  </datafield>
  <datafield tag="336" ind1=" " ind2=" ">
    <subfield code="a">Texto</subfield>
  </datafield>
  <datafield tag="337" ind1=" " ind2=" ">
    <subfield code="a">Sin medio</subfield>
  </datafield>
  <datafield tag="338" ind1=" " ind2=" ">
    <subfield code="a">Volumen</subfield>
  </datafield>
  <datafield tag="500" ind1=" " ind2=" ">
    <subfield code="a">Traducci&#xF3;n de: Macroeconomics, 8th ed.</subfield>
  </datafield>
  <datafield tag="505" ind1=" " ind2=" ">
    <subfield code="a">Contenido

PARTE 1. INTRODUCCI&#xD3;N Y CONTABILIDAD NACIONAL
1. Introducci&#xF3;n.
2. La contabilidad nacional.

PARTE 2. EL CRECIMIENTO, LA OFERTA Y LA DEMANDA AGREGADAS Y LA POL&#xCD;TICA ECON&#xD3;MICA
3. El crecimiento y la acumulaci&#xF3;n.
4. El crecimiento y la pol&#xED;tica econ&#xF3;mica.
5. La oferta y la demanda agregadas.
6. La oferta agregada: los salarios, los precios y el desempleo.
7. La anatom&#xED;a de la inflaci&#xF3;n y el desempleo.
8. La pol&#xED;tica macroecon&#xF3;mica.

PARTE 3. PRIMEROS MODELOS
9. La renta y el gasto.
10. El dinero, el tipo de inter&#xE9;s y la renta.
11. La pol&#xED;tica monetaria y la pol&#xED;tica fiscal.
12. Las relaciones internacionales.

PARTE 4. LOS FUNDAMENTOS DE LA CONDUCTA
13. El consumo y el ahorro.
14. El gasto de inversi&#xF3;n.
15. La demanda de dinero.
16. El banco central, el dinero y el cr&#xE9;dito.
17. Los mercados financieros.

PARTE 5. GRANDES ACONTECIMIENTOS, AJUSTES INTERNACIONALES Y TEMAS AVANZADOS
18. Grandes acontecimientos: an&#xE1;lisis econ&#xF3;mico de la depresi&#xF3;n, la hiperinflaci&#xF3;n y los d&#xE9;ficit.
19. El ajuste y la interdependencia internacionales.
20. Temas avanzados.</subfield>
  </datafield>
  <datafield tag="519" ind1=" " ind2=" ">
    <subfield code="a">Modalidad complementaria</subfield>
    <subfield code="d">(12 002975)</subfield>
  </datafield>
  <datafield tag="650" ind1="1" ind2="0">
    <subfield code="a">MACROECONOM&#xCD;A</subfield>
    <subfield code="x">ESTUDIO Y ENSE&#xD1;ANZA</subfield>
    <subfield code="9">80</subfield>
  </datafield>
  <datafield tag="700" ind1="1" ind2="0">
    <subfield code="a">Fischer, Stanley</subfield>
    <subfield code="e">Coaut.</subfield>
    <subfield code="9">39053</subfield>
  </datafield>
  <datafield tag="700" ind1="1" ind2="0">
    <subfield code="a">Startz, Richard</subfield>
    <subfield code="e">Coaut.</subfield>
    <subfield code="9">39054</subfield>
  </datafield>
  <datafield tag="942" ind1=" " ind2=" ">
    <subfield code="2">lcc</subfield>
    <subfield code="c">LB</subfield>
  </datafield>
  <datafield tag="952" ind1=" " ind2=" ">
    <subfield code="0">0</subfield>
    <subfield code="1">0</subfield>
    <subfield code="2">lcc</subfield>
    <subfield code="4">0</subfield>
    <subfield code="7">0</subfield>
    <subfield code="a">12</subfield>
    <subfield code="b">12</subfield>
    <subfield code="d">2015-07-21</subfield>
    <subfield code="l">6</subfield>
    <subfield code="o">HB172.5 D6718 2002</subfield>
    <subfield code="p">12 002975</subfield>
    <subfield code="r">2023-07-20</subfield>
    <subfield code="s">2023-07-20</subfield>
    <subfield code="t">1</subfield>
    <subfield code="w">2012-11-01</subfield>
    <subfield code="y">LB</subfield>
  </datafield>
  <datafield tag="999" ind1=" " ind2=" ">
    <subfield code="c">87998</subfield>
    <subfield code="d">87998</subfield>
  </datafield>
</record>
